000 00539nam a2200157Ia 4500
008 230917s9999||||xx |||||||||||||| ||und||
020 _cRS4000
040 _e221021
_aMAIN
041 _aEnglish
082 _a891.431741 AK15A
100 _aअहरवाल, किशोरी लाल
245 0 _aअम्बेडकर महाकाव्य 2 भाग
260 _aनई दिल्ली
_bबी आर पब्लिशिंग
_c2013
500 _a1723 24/12/2014 RK1814 26/12/2014 Dr. Ambedkar Chair
942 _cBK
999 _c12950
_d12950